| 000 | 00437nam a2200181Ia 4500 | ||
|---|---|---|---|
| 001 | 24357 | ||
| 005 | 20260414151037.0 | ||
| 008 | 260414t2013||||xx |||||||||||||| ||spa|| | ||
| 041 | _aESP | ||
| 082 |
_a345.52 _bR31 |
||
| 100 |
_aReátegui Sánchez, James _eAUT |
||
| 245 | 0 |
_aHábeas corpus y sistema penal _b |
|
| 260 | _c2013 | ||
| 300 |
_a685 páginas : _c25 cm. |
||
| 650 | _aDER | ||
| 654 | _aCDE | ||
| 942 |
_cLIB _dJUS _fJUS _2ddc _n |
||
| 999 |
_c24357 _d24357 |
||